AC/DC Videos - Statistics

General Stats
  • This quiz has been taken 10 times
    7 since last reset
  • The average score is 21 of 55
Answer Stats
Album Song % Correct
Highway to Hell Highway to Hell
100%
The Razors Edge Thunderstruck
100%
Back in Black Back in Black
83%
Back in Black Hells Bells
83%
Let There Be Rock Let There Be Rock
83%
The Razors Edge Are You Ready
67%
Flick Of The Switch Flick Of The Switch
67%
Fly On The Wall Fly On The Wall
67%
For Those About To Rock (We Salute You) For Those About To Rock (We Salute You)
67%
Highway to Hell If You Want Blood (You’ve Got It)
67%
TNT It’s A Long Way To The Top (If You Want To Rock And Roll)
67%
The Razors Edge Moneytalks
67%
Rock Or Bust Rock Or Bust
67%
Stiff Upper Lip Stiff Upper Lip
67%
Back in Black You Shook Me All Night Long
67%
Who Made Who You Shook Me All Night Long
67%
Dirty Deeds Done Dirt Cheap Dirty Deeds Done Dirt Cheap
50%
Flick Of The Switch Guns For Hire
50%
Ballbreaker Hail Caesar
50%
Ballbreaker Hard As A Rock
50%
Blow Up Your Video Heatseeker
50%
TNT High Voltage
50%
Flick Of The Switch Nervous Shakedown
50%
Power Up Realize
50%
Stiff Upper Lip Safe In New York City
50%
Back in Black Shoot To Thrill
50%
Fly On The Wall Sink The Pink
50%
Ballbreaker Cover You In Oil
33%
Fly On The Wall Danger
33%
Power Up Demon Fire
33%
Highway to Hell Girls Got Rhythm
33%
Dirty Deeds Done Dirt Cheap Jailbreak
33%
Rock Or Bust Play Ball
33%
Powerage Rock N Roll Damnation
33%
Black Ice Rock N Roll Train
33%
Black Ice Anything Goes
17%
If You Want Blood (You’ve Got It) Riff Raff
17%
Flick Of The Switch Rising Power
17%
Fly On The Wall Shake Your Foundations
17%
Highway to Hell Shot Down in Flames
17%
Power Up Shot In The Dark
17%
Blow Up Your Video That’s The Way I Wanna Rock N Roll
17%
Power Up Through the Mists of Time
17%
Let There Be Rock Dog Eat Dog
0%
Back in Black Let Me Put My Love Into You
0%
For Those About To Rock (We Salute You) Let’s Get It Up
0%
Back In Black Rock And Roll Ain’t Noise Pollution
0%
Rock Or Bust Rock The Blues Away
0%
The Razors Edge Rock Your Heart Out
0%
Stiff Upper Lip Satellite Blues
0%
Fly On The Wall Stand Up
0%
Highway to Hell Touch Too Much
0%
Highway to Hell Walk All Over You
0%
Back in Black What Do You Do For Money Honey
0%
Power Up Witch's Spell
0%
No matching quizzes found
Score Distribution
Percent of People with Each Score
Percentile by Number Answered
Your Score History
You have not taken this quiz since the last reset